00418cam a2200181 a 4500001000800000005001700008008004100025010001700066020001500083040001800098041000800116080000900124082001600133100000700149101000800156245004600164504002600210429937520171222040123.0860515s1987 moua b 001 0 eng  a 86080173  a0882435205 aDLCcDLCdDLC aeng a419 00a419 RIE2191 a46 aEDU14aThe joy of signing :cLottie L. Riekehof. aBibliography: p. 341.